Agile software engineering with Visual studio : from concept to continuous feedback (Record no. 27058)

MARC details
000 -LEADER
fixed length control field 00590nam a2200181Ia 4500
020 ## - INTERNATIONAL STANDARD BOOK NUMBER
ISBN 9780321685858
050 ## - CALL MARK
Classification number QA 76.758 .G83/
100 ## - STATEMENT OF RESPONSIBILITY--MAIN AUTHOR NAME
Personal name Guckenheimer, Sam
245 #0 - TITLE STATEMENT
Title Agile software engineering with Visual studio : from concept to continuous feedback
260 ## - PUBLICATION, DISTRIBUTION, ETC. (IMPRINT)
Place of publication United State
260 ## - PUBLICATION, DISTRIBUTION, ETC. (IMPRINT)
Name of publisher Addison-Wesley
260 ## - PUBLICATION, DISTRIBUTION, ETC. (IMPRINT)
Year of publication 2012
300 ## - PHYSICAL DESCRIPTION
Number of Pages 289 p
650 ## - SUBJECT ADDED ENTRY--TOPICAL TERM
Topical Term Microsoft Visual studio. Microsoft .NET Framework. Software engineering. Agile software development.
942 ## - ADDED ENTRY ELEMENTS (KOHA)
Koha item type Books
Holdings
Withdrawn status Lost status Source of classification or shelving scheme Damaged status Not for loan Permanent Location Current Location Shelving location Date acquired Full call number Accession Number Price effective from Koha item type
    Library of Congress Classification     NILE UNIVERSITY OF NIGERIA - MAIN LIBRARY NILE UNIVERSITY OF NIGERIA - MAIN LIBRARY Items on shelf 04/23/2025 JK 274 .K62/ 0194059 04/23/2025 Books